Catálogo
 En Linea

Enriquillo : (Registro nro. 48575)

Detalles MARC
000 -CABECERA
campo de control de longitud fija 01244nam a2200301 a 4500
001 - NÚMERO DE CONTROL
campo de control 000049087
003 - IDENTIFICADOR DEL NÚMERO DE CONTROL
campo de control DO-SdBNP
005 - FECHA Y HORA DE LA ÚLTIMA TRANSACCIÓN
campo de control 20240305094244.0
007 - CAMPO FIJO DE DESCRIPCIÓN FÍSICA--INFORMACIÓN GENERAL
campo de control de longitud fija ta
008 - DATOS DE LONGITUD FIJA--INFORMACIÓN GENERAL
campo de control de longitud fija 190718e2018 drao gr 000 0 1pedspa d
020 ## - NÚMERO INTERNACIONAL ESTÁNDAR DEL LIBRO
Número Internacional Estándar del Libro 9789945802146
040 ## - FUENTE DE LA CATALOGACIÓN
Centro catalogador/agencia de origen DO-SdBNP
Lengua de catalogación spa
Centro/agencia transcriptor BNPHU
082 #4 - NÚMERO DE LA CLASIFICACIÓN DECIMAL DEWEY
Número de documento/Ítem M385e
Número de edición 22
100 1# - ENTRADA PRINCIPAL--NOMBRE DE PERSONA
Nombre de persona Martínez Macarrulla, Lidia de
9 (RLIN) 76465
245 10 - MENCIÓN DE TÍTULO
Título Enriquillo :
Resto del título guerrillero de América /
Mención de responsabilidad, etc. Lidia Martínez de Macarrulla; prólogo, Kin Sánchez ; ilustrador, Moisés Alberto Féliz.
260 ## - PUBLICACIÓN, DISTRIBUCIÓN, ETC.
Lugar de publicación, distribución, etc. Santo Domingo :
Nombre del editor, distribuidor, etc. [s.n],
Fecha de publicación, distribución, etc. 2018
300 ## - DESCRIPCIÓN FÍSICA
Extensión 129 p. :
Otras características físicas il, fotogr.. ;
Dimensiones 23 cm
500 ## - NOTA GENERAL
Nota general Incluye datos biográficos del autor en la solapa de la cubierta
500 ## - NOTA GENERAL
Nota general Bibliografía : p. 115-116
505 ## - NOTA DE CONTENIDO CON FORMATO
Nota de contenido con formato Prólogo.
Título Prefacio.--
-- Clamor de valentía Bongbé.--
-- Enriquillo, Guerrillero de América.--
-- Referencias a Enriquillo, cacique del Bahoruco.--
-- Bibliografía.--
-- Agradecimientos.--
-- Imágenes de Boyá.
590 ## - NOTA LOCAL (RLIN)
Nota local Inventariado, 2019 / BT
600 10 - PUNTO DE ACCESO ADICIONAL DE MATERIA--NOMBRE DE PERSONA
Nombre de persona Enriquillo,
Fechas asociadas al nombre 1535-
Títulos y otros términos asociados al nombre cacique,
Subdivisión general Ficción
9 (RLIN) 79589
651 #4 - PUNTO DE ACCESO ADICIONAL DE MATERIA--NOMBRE GEOGRÁFICO
9 (RLIN) 5916
Nombre geográfico República Dominicana
Subdivisión de forma Ficción
Subdivisión general Historia
700 1# - PUNTO DE ACCESO ADICIONAL--NOMBRE DE PERSONA
Nombre de persona Sánchez, Kin,
Término indicativo de función/relación pról.
9 (RLIN) 73641
700 1# - PUNTO DE ACCESO ADICIONAL--NOMBRE DE PERSONA
Nombre de persona Féliz, Moisés Alberto,
Término indicativo de función/relación il.
9 (RLIN) 76466
910 ## - DATOS DE OPCIÓN DEL USUARIO (OCLC)
Datos de opción del usuario MFeliz
942 ## - ELEMENTOS DE PUNTO DE ACCESO ADICIONAL (KOHA)
Fuente del sistema de clasificación o colocación Dewey Decimal Classification
Tipo de ítem Koha Libro
Existencias
Estado de retiro Estado de pérdida Fuente del sistema de clasificación o colocación Restricciones de uso No para préstamo Código de colección Localización permanente Ubicación/localización actual Ubicación en estantería Fecha de adquisición Signatura topográfica completa Código de barras Fecha visto por última vez Precio válido a partir de Tipo de ítem Koha Fuente de adquisición Total de préstamos Número de copia
    Dewey Decimal Classification Excluido de préstamo   Patrimonio Dominicano Biblioteca Nacional Pedro Henríquez Ureña Biblioteca Nacional Pedro Henríquez Ureña En catalogación 18.07.2019 M385e 49088-10 25.06.2020 25.06.2020 Libro      
    Dewey Decimal Classification Préstamo en sala   Dominicana de Servicio Biblioteca Nacional Pedro Henríquez Ureña Biblioteca Nacional Pedro Henríquez Ureña En catalogación 01.09.2021 M385e 2021-25931 01.09.2021 01.09.2021 Libro Depósito Legal   e.3
    Dewey Decimal Classification Préstamo en sala   Dominicana de Servicio Biblioteca Nacional Pedro Henríquez Ureña Biblioteca Nacional Pedro Henríquez Ureña En catalogación 01.09.2021 M385e 2021-25932 01.09.2021 01.09.2021 Libro Depósito Legal   e.4
    Dewey Decimal Classification Préstamo en sala   Dominicana de Servicio Biblioteca Nacional Pedro Henríquez Ureña Biblioteca Nacional Pedro Henríquez Ureña En catalogación 19.04.2021 M385e 2023-0785 09.02.2023 09.02.2023 Libro Donado por Katherine Rodríguez   e.5
    Dewey Decimal Classification   Excluido de préstamo Monografías: Libros y Folletos Biblioteca Nacional Pedro Henríquez Ureña Patrimonio Dominicano Depósito 01.09.2021 BNPHU M385e 2021-25930 01.09.2021 01.09.2021 Libro Depósito Legal   e.2

Con tecnología Koha